Drivers who have raced in Formula 1 and Formula E - Statistics

General Stats
  • This quiz has been taken 1,095 times
    505 since last reset
  • The average score is 9 of 31
Answer Stats
Answer % Correct
Nyck De Vries
77%
Sebastien Buemi
60%
Jean-Éric Vergne
58%
Stoffel Vandoorne
58%
Pascal Wehrlein
53%
Felipe Massa
45%
Lucas di Grassi
44%
Nick Heidfeld
36%
Pierre Gasly
35%
Antonio Giovinazzi
34%
Nelson Piquet Jr
34%
Jaime Alguersuari
29%
Kamui Kobayashi
28%
André Lotterer
27%
Jarno Trulli
27%
Brendon Hartley
26%
Jérôme d'Ambrosio
26%
Bruno Senna
25%
Felipe Nasr
24%
Charles Pic
22%
Takuma Sato
19%
Vitantonio Liuzzi
19%
Karun Chandhok
18%
Scott Speed
17%
Esteban Gutiérrez
16%
Jacques Villeneuve
14%
Roberto Merhi
14%
Sakon Yamamoto
10%
Franck Montagny
6%
Justin Wilson
5%
Stéphane Sarrazin
4%
No matching quizzes found
Score Distribution
Percent of People with Each Score
Percentile by Number Answered
Your Score History
You have not taken this quiz since the last reset